000 00625nam a22001697a 4500
999 _c61277
_d61277
005 20240125091948.0
008 240124s2022 enk||||| |||| 00| 0 eng d
020 _a9798807522849x
041 _aeng
080 _a004.056.53 H-75
100 _a Holmes, T. A.
_921111
245 _aCybersecurity for Beginners 2022 :
_bA Comprehensive Guide and Effective Tips to Getting Started and Advancing in Your Cybersecurity Career /
_cTodd A. Holmes.
264 _aLondon,
_c2022.
300 _a163 p.
_b21 cm.
653 _aკიბერუსაფრთხოება კარიერაში
942 _2udc
_cᲬᲘᲒᲜᲘ